Организация работы книгохранилища в универсальной научной библиотеке: Методические рекомендации

Λεπτομέρειες βιβλιογραφικής εγγραφής
Συγγραφή απο Οργανισμό/Αρχή: Всесоюзная государственная библиотека иностранной литературы (ВГИБЛ)
Άλλοι συγγραφείς: Недашковская Т. А. (составитель)
Γλώσσα:Ρωσικά
Έκδοση: Москва, 1985
Σειρά:В помощь работникам библиотек
Θέματα:
Μορφή: Βιβλίο
KOHA link:https://koha.lib.tpu.ru/cgi-bin/koha/opac-detail.pl?biblionumber=71578

MARC

LEADER 00000nam0a2200000 4500
001 71578
005 20231031082745.0
035 |a (RuTPU)RU\TPU\book\76282 
090 |a 71578 
100 |a 20041221d1985 m y0rusy50 ca 
101 0 |a rus 
102 |a RU 
105 |a y z 000zy 
200 1 |a Организация работы книгохранилища в универсальной научной библиотеке  |e Методические рекомендации  |f Всесоюзная государственная библиотека иностранной литературы. Научно-методический отдел; сост. Т. А. Недашковская 
210 |a Москва  |d 1985 
215 |a 27 с. 
225 1 |a В помощь работникам библиотек 
610 1 |a универсальные научные библиотеки 
610 1 |a методические рекомендации 
610 1 |a хранение фондов 
686 |a Ч736.1  |v LBC/SL-A  |2 rubbk 
702 1 |a Недашковская  |b Т. А.  |4 220 
712 0 2 |a Всесоюзная государственная библиотека иностранной литературы (ВГИБЛ)  |c (Москва)  |c (1948-1991)  |2 stltpush  |3 (RuTPU)RU\TPU\col\15830 
801 1 |a RU  |b 63413507  |c 20041221  |g PSBO 
801 2 |a RU  |b 63413507  |c 20140619  |g PSBO 
942 |c BK